El pueblo quiere que caiga el régimen : protestas sociales y conflictos en Africa del Norte y en Medio Oriente /

Las reflexiones generales con las que inicia el libro, evidencian que si bien nadie fue capaz de prever los levantamientos en el mundo árabe, ciertamente sí hubo en los años previos indicios de lo que podía suceder y causas que lo explican. El libro se ocupa luego de las movilizaciones en las distin...

Descripció completa

Guardat en:
Dades bibliogràfiques
Autor principal: Mesa Delmonte, Luis (coordinación)
Format: Llibre
Idioma:espanyol
Publicat: México : El Colegio de México, Centro de Estudios de Asia y Africa, 2012, c2012
Matèries:
Etiquetes: Afegir etiqueta
Sense etiquetes, Sigues el primer a etiquetar aquest registre!

MARC

LEADER 00000nam^a2200000^a^4500
001 000321619
005 20250521000000.0
008 120224 20122012
009 20260310113546.259
020 |a 978-607-462-343-7 
037 |a Acervo ITESO - Biblioteca 
041 |a ESP 
082 |a 320. 917671  |b MES 
100 |a Mesa Delmonte, Luis  |e (coordinación) 
245 1 3 |a El pueblo quiere que caiga el régimen :  |b protestas sociales y conflictos en Africa del Norte y en Medio Oriente /  |c Coord. de L. Mesa Delmonte. 
264 4 |a México :  |b El Colegio de México, Centro de Estudios de Asia y Africa,  |c 2012, c2012 
300 |a 487 p. 
336 |a texto  |b txt  |2 rdacontenido 
337 |a sin mediación  |b n  |2 rdamedio 
338 |a volumen  |b nc  |2 rdasoporte 
520 |a Las reflexiones generales con las que inicia el libro, evidencian que si bien nadie fue capaz de prever los levantamientos en el mundo árabe, ciertamente sí hubo en los años previos indicios de lo que podía suceder y causas que lo explican. El libro se ocupa luego de las movilizaciones en las distintas regiones (Magreb, Egipto, Siria y Líbano, y otros como Yemen y Jordania). 
649 |a XX 
650 |a Primavera Arabe -  |x Tema Principal 
650 |a Movimientos Políticos -  |z Mundo Arabe-Musulmán 
650 |a Participación Política -  |z Mundo Arabe-Musulmán 
650 |a Reforma Política -  |z Mundo Arabe-Musulmán 
650 |a Democratización -  |z Mundo Arabe-Musulmán 
650 |a Democracia -  |z Mundo Arabe-Musulmán 
650 |a Política -  |z Mundo Arabe-Musulmán -  |x Historia -  |y 2010-2019 
650 |a Política -  |z Mundo Arabe-Musulmán -  |x Historia -  |y Siglo XXI 
650 |a Política Internacional 
650 |a Mundo Arabe-Musulmán -  |x Condiciones Económicas 
650 |a Mundo Arabe-Musulmán -  |x Condiciones Políticas 
910 |a Fondo General 
920 |a Impresos - Libros 
930 |a Colección General 
905 |a 101 
901 |a 0500327567  |b IT1  |c ACC  |i C171104  |u 20250521 
902 |a https://opac.biblio.iteso.mx/vufind/Record/000321619